Discursos políticos
Guardat en:
| Autor principal: | |
|---|---|
| Format: | Llibre |
| Idioma: | espanyol |
| Publicat: |
Madrid
Gredos
1980
|
| Col·lecció: | Biblioteca Clásica Gredos, 35-86-87
|
| Matèries: | |
| Etiquetes: |
Afegir etiqueta
Sense etiquetes, Sigues el primer a etiquetar aquest registre!
|
MARC
| LEADER | 00000nam a2200000 a 4500 | ||
|---|---|---|---|
| 001 | UCW9379 | ||
| 003 | CL-VaPUC | ||
| 008 | 890331e19800000SP |||||||||||||||||spa|d | ||
| 082 | 0 | 4 | |a 885 |b DEM |2 21 |
| 100 | 0 | |a Demóstenes |e author |9 265026 | |
| 245 | 1 | 0 | |a Discursos políticos |
| 300 | |a 3 v | ||
| 942 | |c BK | ||
| 945 | |d 19890331 00:00:00 | ||
| 260 | |a Madrid |b Gredos |c 1980 | ||
| 650 | 0 | |a Oratoria griega |9 265027 | |
| 583 | |a last modification |c 19890331 00:00:00 |k Rodrigo Vera | ||
| 490 | 0 | |a Biblioteca Clásica Gredos, 35-86-87 | |
| 999 | |c 221378 |d 221376 | ||
| 952 | |0 0 |1 0 |4 0 |6 885_000000000000000_DEM_1980 |7 0 |8 X |9 214628 |a BIBHIS |b BIBHIS |d 2019-11-15 |h v.3 |i 2831856 |o 885 DEM 1980 |p 2831856 |r 2024-01-30 |w 2019-11-15 |y BK_X |k HIS | ||
| 952 | |0 0 |1 0 |4 0 |6 885_000000000000000_DEM_1980 |7 0 |8 X |9 214629 |a BIBHIS |b BIBHIS |d 2019-11-15 |h v.1 |i 1366750 |l 1 |o 885 DEM 1980 |p 1366750 |r 2024-01-30 |s 2022-07-06 |w 2019-11-15 |y BK_X |k HIS | ||
| 952 | |0 0 |1 0 |4 0 |6 885_000000000000000_DEM_1980 |7 0 |8 X |9 214630 |a BIBHIS |b BIBHIS |d 2019-11-15 |h v.1 |i 1366769 |o 885 DEM 1980 |p 1366769 |r 2024-01-30 |w 2019-11-15 |y BK_X |k HIS | ||
| 952 | |0 0 |1 0 |4 0 |6 885_000000000000000_DEM_1980 |7 0 |8 X |9 214631 |a BIBHIS |b BIBHIS |d 2019-11-15 |h v.2 |i 1366777 |o 885 DEM 1980 |p 1366777 |r 2024-01-30 |w 2019-11-15 |y BK_X |k HIS | ||